| 000 | 01225aam a2200325 a 4500 | ||
|---|---|---|---|
| 999 |
_c473133 _d473133 |
||
| 003 | BLK | ||
| 005 | 20250719113234.0 | ||
| 008 | 211214b bu |||||r|||| 00| | bu d | ||
| 020 | _a9786190110682 | ||
| 040 | _aBLK | ||
| 041 |
_cBUL _aBUL |
||
| 080 |
_aАмериканска литература (на САЩ) _b821.111(73) _x-31 _z821.111(73)-31 |
||
| 100 |
_aГармъс, Бони _eпърви автор _9480639 |
||
| 139 |
_aГармъс, Бони _bГ 23 |
||
| 245 |
_aУроци по химия _bРоман _cБони Гармъс ; прев. от англ. Мая Ненчева. |
||
| 257 | _aUSA | ||
| 260 |
_aСофия _bИзток-Запад _c2022 _9210881 _n978-619-01- ; 978-619-152- ; 978-954-321- ; 954-8945- |
||
| 300 |
_a384 с. _c22 см |
||
| 380 | _aX | ||
| 500 | _aОриг. загл.: Lessons in Chemistry / Bonnie Garmus. | ||
| 700 |
_9350518 _aНенчева, Мая Атанасова _eпрев. от англ. |
||
| 852 |
_bП _c821-31/Г 23 Б |
||
| 852 |
_aЦб 315564 _bЦб |
||
| 856 |
_i0.00 _ldisable |
||
| 942 |
_cKNG _2udc _n0 _s1 _018 |
||
| 944 |
_aCR _c2022-09-12 _k30545 _lНора Радева |
||
| 944 |
_c2022-12-15 _kир |
||
| 999 | _d473133 | ||
| 999 | _d473133 | ||